| 000 | 00766cam a2200205 4500 | ||
|---|---|---|---|
| 001 | WB3810-26 | ||
| 008 | 020313n2002 000 0 eng u | ||
| 035 | _a(Sirsi) u117120 | ||
| 245 | _aNew wayleave payment rates | ||
| 260 | _c2002 | ||
| 490 |
_aEstates and Wayleaves Forum Press Release _v 8 March 2002, (4) |
||
| 520 | _aWayleave payment rates for the period 1 April 2002 to 31 March 2003 have been announced after extensive re-assessment. Wayleave payments comprise two elements divided between landowners and occupiers -owner/occupiers receive both payments. | ||
| 590 | _aWB | ||
| 650 | _aWAYLEAVE PAYMENTS | ||
| 650 | _aWAYLEAVE RATES | ||
| 650 | _aELECTRICITY WAYLEAVES | ||
| 650 | _aELECTRICITY INDUSTRY | ||
| 690 |
_aRural _96268 |
||
| 942 | _n0 | ||
| 999 |
_c69774 _d69774 |
||